ბათუმის შოთა რუსთაველის სახელმწიფო უნივერსიტეტის ბიბლიოთეკა

ჩანაწერი Meeting Name

ჩანაწერთა რაოდენობა, რომელიც გამოყენებულია: 1

001 - CONTROL NUMBER

  • control field: 4907

003 - CONTROL NUMBER IDENTIFIER

  • control field: GE_BSU

005 - DATE AND TIME OF LATEST TRANSACTION

  • control field: 20191021152440.0

008 - FIXED-LENGTH DATA ELEMENTS

  • fixed length control field: 191021|| aca||aabn | a|a d

040 ## - CATALOGING SOURCE

  • Original cataloging agency: GE_BSU
  • Transcribing agency: GE_BSU

111 ## - HEADING--MEETING NAME

  • Meeting name or jurisdiction name as entry element: Югозападный Университет им. Неофита Рыльского;

670 ## - SOURCE DATA FOUND

  • Source citation: Work cat.: (GE_BSU)38499: Инновационные аспекты исследования культуры, истории, антропологии, литературы и лингвистики стран Черноморского бассейна